| 000 | 014400000a22003250004500 | ||
|---|---|---|---|
| 003 | EG-GICUC | ||
| 005 | 20250223032456.0 | ||
| 008 | 070306s2007 ua h f m 000 0 eng d | ||
| 040 |
_aEG-GICUC _beng _cEG-GICUC |
||
| 041 | 0 | _aEng | |
| 049 | _aDeposite | ||
| 097 | _aM.Sc | ||
| 099 | _aCai01.12.17.M.Sc.2007.An.E | ||
| 100 | 0 | _aAnwar Hamad Sifeddin | |
| 245 | 1 | 3 |
_aAn evaluation of systems analysis tools , methodologies and modeling / _cAnwar Hamad Sifeddin ; Supervised Ahmed Badreldin Khalil , Hesham N.Elmahdy |
| 246 | 1 | 5 | _aتقييم نماذج وطرق و ادوات تحليل النظم |
| 260 |
_aCairo : _bAnwar Hamad Sifeddin , _c2007 |
||
| 300 |
_a102P : _bill ; _c30cm |
||
| 502 | _aThesis (M.Sc.) - Cairo University - Faculty Of Science - Department Of Mathematics | ||
| 520 | _aIn this thesis , we evaluate some systems analysis modeling , methodologies and tools We used the credit risks system in the Egyptian Central Bank as a case study It was taken as a system core Then we developed this system using the systems development life cycle (SDLC) | ||
| 530 | _aIssued also as CD | ||
| 653 | 4 | _amethodologies and modeling | |
| 700 | 0 |
_aAhmed Badreldin Khalil , _eSupervisor |
|
| 700 | 0 |
_aAhmed Badreldin Khalil , _eSupervisor |
|
| 700 | 0 |
_aHesham Nabeeh Elmahdy , _eSupervisor |
|
| 856 | _uhttp://172.23.153.220/th.pdf | ||
| 905 |
_aAml _ecataloger |
||
| 905 |
_aEsam _eRevisor |
||
| 942 |
_2ddc _cTH |
||
| 999 |
_c75733 _d75733 |
||